000 00669nam a22001817a 4500
999 _c15117
_d15117
003 OSt
082 _2631.587 MAN/SU
088 _aT 321
100 _aMANASA K
_93497
245 _aSuitability of drip automation systems for optimal irrigation scheduling
260 _aTavanur 2015
_bDEPARTMENT OF IRRIGATION AND DRAINAGE ENGINEERING
300 _a105
500 _aSuitability of drip automation systems for optimal irrigation scheduling
520 _aSuitability of drip automation systems for optimal irrigation scheduling
700 _aDr. Reema K. P (Guide)
_93468
856 _uhttps://drive.google.com/open?id=14cNs3l-e8qs8qEd4b935lUAO6n3QgKpg
942 _cTH